Представление документа в формате MARC21

ПолеНазваниеЗначение
  Тип записи a
  Библиографический уровень m
001 Контрольный номер BIBLIOCLUB\0000482245
005 Дата корректировки 20260430154809.5
006 m o d
007 Элементы данных для физической характеристики c|||||||||||||
008 Кодируемые данные s2021 rus o rus d
020 Индекс ISBN __
a ISBN 978-5-9765-4609-7
041 Код языка издания 0_
a Код языка текста rus
084 Индекс другой классификации/Индекс ББК __
a Индекс другой классификации/Индекс ББК 81.411.2-22я73
b Номер единицы LBC/PL
2 Источник индекса rubbk
100 Автор 1_
a Автор Политова И. Н.
245 Заглавие 10
a Заглавие Современный русский литературный язык: синтаксис словосочетания и предложения
b Продолж. заглавия учебное пособие
c Ответственность И. Н. Политова
250 Сведения об издании __
a Основные сведения об издании 3-е изд., перераб.
260 Выходные данные __
a Место издания Москва
b Издательство ФЛИНТА
c Дата издания 2021
300 Физическое описание __
a Объем 156 с.
653 Ключевые слова 1_
a Ключевые слова Учебник для высшей школы
856 Электронный адрес документа 40
3 Область применения данных поля Университетская библиотека ONLINE
u URL https://biblioclub.ru/index.php?page=book&id=482245
900 Электронные ресурсы __
a Имя электронного ресурса https://img.biblioclub.ru/sm_cover/274c419f69ff2171c9f21fec175454bat7qbf8zc9i/cover.jpg